Представление документа в формате RUSMARC

ПолеНазваниеЗначение
  Тип записи a
  Библиографический уровень m
001 Контрольный номер RU/SLIB/B/208715262
005 Дата корректировки 20260428142937.8
010 Индекс ISBN __
d Цена 0-65
101 Язык документа 0_
a Язык текста rus
200 Заглавие и сведения об ответственности 1_
a Заглавие О чем поведала открытка
b Общее обозначение материала Текст
210 Выходные данные 1_
a Место издания М.
c Издательство Связь
d Дата издания 1978
215 Физическое описание __
a Объем 104 с.
c Иллюстрации/тип воспроизводства ил
606 Тематические рубрики __
a Основная рубрика Книжное дело
606 Тематические рубрики __
a Основная рубрика Коллекционирование произведений печати
610 Ключевые слова 0_
a Ключевые слова почтовые открытки; открытки; коллекции; филокартия
686 Индексы других классификаций __
a Классификационный индекс 76.197; ст76.197
700 Автор _1
a Фамилия Белицкий
b Имя Я. М.
4 Код отношения 070
f Даты 1930-1996
g Полное личное имя Яков Миронович
801 Источник записи _0
a Страна RU
b Организация Муниципальное бюджетное учреждение культуры "Централизованная библиотечная система" г. Сургут (Центральная городская библиотека им. А. С. Пушкина)
g Правила каталогизации К/Кундохова
801 Источник записи _1
a Страна RU
b Организация Муниципальное бюджетное учреждение культуры "Централизованная библиотечная система" г. Сургут (Центральная городская библиотека им. А. С. Пушкина)
g Правила каталогизации К/Кундохова
852 Данные о местонахождении __
j Шифр хранения 76.197
c Каталожный индекс 76.19
i Авторский знак Б 43
p Инвентарный номер 100650(с); 119883(с)
901 Тип документа __
t Тип документа m
990 Данные о заказе (DOS) __
j Количество экземпляров (DOS) 2